[Event "BRA-ch 88th"]
[Site "Recife"]
[Date "2022.12.20"]
[Round "8"]
[White "Da Silva, Antonio Carlos Ferr"]
[Black "De Mesquita, Igor Ming"]
[Result "1-0"]
[WhiteElo "1800"]
[BlackElo "1769"]
[PlyCount "45"]
[EventDate "2022.12.15"]
[EventType "swiss"]
[EventRounds "11"]
[EventCountry "BRA"]
[SourceTitle "CBM 212 Extra"]
[Source "ChessBase"]
[SourceDate "2023.03.31"]
[SourceVersion "1"]
[SourceVersionDate "2023.03.31"]
[SourceQuality "1"]

1. d4 d5 2. e3 Nf6 3. Bd3 e6 4. Nd2 Bd6 5. f4 c5 6. c3 Nc6 7. Ngf3 a6 8. 0-0 0-0 9. Ne5 Qc7 10. Rf3 cxd4 11. exd4 Qb6 12. Kh1 Qc7 13. Rh3 Ne7 14. Bxh7+ Nxh7 15. Qh5 Rd8 16. Ndf3 Nf5 17. Qxh7+ Kf8 18. g4 Nh6 19. Qh8+ Ng8 20. Rh7 Ke7 21. Rxg7 Bxe5 22. Nxe5 Kd6 23. Nxf7+ 1-0

[Event "BRA-ch 88th"]
[Site "Recife"]
[Date "2022.12.19"]
[Round "7"]
[White "De Lucena, Davi Santos Marques"]
[Black "Da Silva, Antonio Carlos Ferr"]
[Result "1-0"]
[WhiteElo "1655"]
[BlackElo "1800"]
[PlyCount "43"]
[EventDate "2022.12.15"]
[EventType "swiss"]
[EventRounds "11"]
[EventCountry "BRA"]
[SourceTitle "CBM 212 Extra"]
[Source "ChessBase"]
[SourceDate "2023.03.31"]
[SourceVersion "1"]
[SourceVersionDate "2023.03.31"]
[SourceQuality "1"]

1. e4 e5 2. Nf3 d6 3. d4 f6 4. Bc4 Bd7 5. dxe5 fxe5 6. Nxe5 dxe5 7. Qh5+ g6 8. Qxe5+ Qe7 9. Qxh8 Qxe4+ 10. Be2 Bb5 11. Nc3 Qe6 12. Nxb5 Bd6 13. 0-0 Nd7 14. Bg4 Qf7 15. Re1+ Kd8 16. Be6 Qf6 17. Qxg8+ Nf8 18. h4 Bf4 19. Bxf4 Qxf4 20. Rad1+ Ke7 21. Nxc7 Nxe6 22. Rxe6# 1-0

[Event "BRA-ch 88th"]
[Site "Recife"]
[Date "2022.12.17"]
[Round "4"]
[White "Da Silva, Antonio Carlos Ferr"]
[Black "Silva Junior, Marcelo Valeriano"]
[Result "0-1"]
[WhiteElo "1800"]
[BlackElo "1866"]
[PlyCount "70"]
[EventDate "2022.12.15"]
[EventType "swiss"]
[EventRounds "11"]
[EventCountry "BRA"]
[SourceTitle "CBM 212 Extra"]
[Source "ChessBase"]
[SourceDate "2023.03.31"]
[SourceVersion "1"]
[SourceVersionDate "2023.03.31"]
[SourceQuality "1"]

1. c4 e5 2. Nc3 Nc6 3. Nf3 Nf6 4. e3 Bb4 5. Bd3 Bxc3 6. dxc3 e4 7. 0-0 0-0 8. Ng5 exd3 9. Qxd3 h6 10. Nf3 d6 11. h3 Ne5 12. Qe2 Be6 13. b3 Nxf3+ 14. Qxf3 b6 15. e4 Nd7 16. Qe2 f5 17. exf5 Bxf5 18. Rd1 Qf6 19. Bb2 Nc5 20. f3 Rae8 21. Qf1 Qg6 22. Kh2 Bd3 23. Qg1 Re2 24. Bc1 Rxf3 25. Kh1 Qg3 26. Bd2 Qxh3+ 27. Qh2 Qxh2+ 28. Kxh2 Rff2 29. Rg1 Rxd2 30. b4 Ne6 31. Rae1 Nf4 32. Kg3 h5 33. Re8+ Kf7 34. Re3 g5 35. Rf3 Rxg2+ 0-1

[Event "BRA-ch 88th"]
[Site "Recife"]
[Date "2022.12.16"]
[Round "2"]
[White "Da Silva, Antonio Carlos Ferr"]
[Black "Parijos de Melo, Luiz Claudio"]
[Result "0-1"]
[WhiteElo "1800"]
[BlackElo "1753"]
[PlyCount "60"]
[EventDate "2022.12.15"]
[EventType "swiss"]
[EventRounds "11"]
[EventCountry "BRA"]
[SourceTitle "CBM 212 Extra"]
[Source "ChessBase"]
[SourceDate "2023.03.31"]
[SourceVersion "1"]
[SourceVersionDate "2023.03.31"]
[SourceQuality "1"]

1. e4 c5 2. Nf3 e6 3. c3 d5 4. e5 Nc6 5. d4 Qb6 6. Qa4 Bd7 7. Bb5 Nge7 8. Be3 a6 9. Bxc6 Nxc6 10. Qc2 Rc8 11. Nbd2 cxd4 12. Nxd4 Nxd4 13. Bxd4 Qxd4 14. 0-0 Qxe5 15. Nf3 Qf6 16. Rfe1 Bd6 17. Rad1 0-0 18. Re3 Bf4 19. Red3 Bb5 20. Rd4 Bb8 21. a4 Bc6 22. Rb1 e5 23. Rh4 g6 24. Qd2 e4 25. Ng5 h6 26. g3 hxg5 27. Rg4 Bd7 28. Rxg5 Bh3 29. f3 Ba7+ 30. Kh1 Qxf3+ 0-1